00439nam a2200169Ia 4500008004100000041001200041082001200053100001400065245004500079365000700124520001200131546001200143630004500155650001200200655001200212730004500224101110s9999 xx 000 0 und d aENGLISH bSR13737 aJain N.K. aHistory of Science and Scientific Method b33 aHistory aENGLISH aHistory of Science and Scientific Method aHistory aHistory aHistory of Science and Scientific Method